| 000 | 00834cam a2200241 a 4500 | ||
|---|---|---|---|
| 001 | 000001132 | ||
| 005 | 20200929145502.0 | ||
| 008 | 980826s2000 sp a b 001 0 spa | ||
| 020 | _a8478290362 | ||
| 040 |
_aDO-SdBNP _cDLC _dDLC |
||
| 082 |
_a005.1 _bJ17p |
||
| 100 | 1 |
_aJacobson, Ivar. _93869 |
|
| 245 | 1 | 3 |
_aEl proceso unificado de desarrollo de software / _cIvar Jacobson, Grady Booch, James Rumbaugh. |
| 260 |
_aMadrid : _bPearson Educación, _c2000. |
||
| 300 |
_axxiv, 438 p. : _bil. ; _c25 cm. |
||
| 440 | 4 |
_aThe Addison-Wesley object technology series _93870 |
|
| 650 | 4 |
_aProgramación (computadores electrónicos) _93871 |
|
| 650 | 4 |
_aProgramas para computador _93872 |
|
| 650 | 4 |
_aUml (computación) _93873 |
|
| 700 | 1 |
_aBooch, Grady. _93874 |
|
| 700 | 1 |
_aRumbaugh, James. _93875 |
|
| 910 | _aCatalogación por copia / LC | ||
| 999 |
_c1086 _d1086 |
||